Wszystkie kluby Cavaniego - Statystyki

Ogólne statystyki
  • Ten quiz został rozwiązany 62 razy
  • Średni wynik to 4 z 8
Statystyki odpowiedzi
Wskazówki Odpowiedzi % Poprawnych
2013-2020 PSG
96%
2020-2022 Manchester United
82%
2011-2013 Napoli
60%
2010-2011Wyp. Napoli
60%
2022-2023 Valencia
51%
2010-2011Powrót z wyp. Palermo
33%
2006 Palermo
33%
2023-teraz Boca Juniors
27%
Nie znaleziono quizów pasujących do podanych kryteriów
Rozkład punktacji
Procent ludzi z każdym wynikiem
Percentyl według liczby udzielonych odpowiedzi
Twoja historia wyników
Nie rozwiązałeś tego quizu